[Event "Germain Laplante U1900"]
[Site "Chambly CAN"]
[Date "2025.05.16"]
[Round "1.25"]
[White "Morin, William"]
[Black "Qi, Jason"]
[Result "1-0"]
[WhiteElo "1536"]
[BlackElo "1698"]
[WhiteFideId "-1"]
[WhiteFideId "-1"]
[PlyCount "81"]
[GameId "2181007047033230"]
[EventDate "2025.05.16"]
[EventType "swiss"]
[EventRounds "5"]
[EventCountry "CAN"]

1. d4 d5 2. c4 e6 3. Nf3 a6 4. g3 dxc4 5. Bg2 Nc6 6. O-O Rb8 7. e3 b5 8. Qe2 Bb7 9. Rd1 Nb4 10. a4 Nf6 11. axb5 axb5 12. Nc3 c6 13. Ne5 Be7 14. b3 Nbd5 15. Nxd5 Nxd5 16. bxc4 Nc3 17. Qc2 Nxd1 18. cxb5 c5 19. Bc6+ Bxc6 20. Nxc6 Qb6 21. Nxb8 Qxb8 22. dxc5 Bf6 23. Ra3 Nc3 24. b6 O-O 25. Rxc3 Bxc3 26. Qxc3 Rc8 27. Bb2 f6 28. Qb4 Qb7 29. Ba3 Rd8 30. e4 f5 31. f3 Rd1+ 32. Kf2 Qa6 33. b7 Qf1+ 34. Ke3 Rd3+ 35. Kf4 Qxf3+ 36. Ke5 fxe4 37. b8=Q+ Kf7 38. Q4b7+ Kg6 39. Qe8+ Kh6 40. Qxe6+ g6 41. Qh3+ 1-0

[Event "Germain Laplante U1900"]
[Site "Chambly CAN"]
[Date "2025.05.16"]
[Round "1.26"]
[White "Giroux, Robert"]
[Black "Riopel, Alec"]
[Result "1-0"]
[WhiteElo "1700"]
[BlackElo "1479"]
[WhiteFideId "-1"]
[WhiteFideId "-1"]
[PlyCount "99"]
[GameId "2180280197139650"]
[EventDate "2025.05.16"]
[EventType "swiss"]
[EventRounds "5"]
[EventCountry "CAN"]

1. Nf3 Nf6 2. b3 d5 3. Bb2 e6 4. e3 c5 5. Bb5+ Bd7 6. Qe2 Nc6 7. O-O a6 8. Bxc6 Bxc6 9. Ne5 Bd6 10. Nxc6 bxc6 11. d3 O-O 12. Nd2 e5 13. e4 Re8 14. a4 Rb8 15. Ba3 Nd7 16. Rad1 Nf8 17. g3 Ne6 18. Nf3 Nd4 19. Nxd4 exd4 20. f4 f6 21. Rfe1 Rb7 22. Qf1 Rbe7 23. exd5 Qa5 24. Rxe7 Rxe7 25. dxc6 g5 26. fxg5 fxg5 27. Bc1 h6 28. Bd2 Qc7 29. Qg2 Qd8 30. Re1 Rf7 31. Qe4 Qf6 32. Qg2 Qd8 33. Rf1 Re7 34. Qf3 Bc7 35. Qf6 Qe8 36. Qxh6 Re6 37. Qxg5+ Rg6 38. Qd5+ Kg7 39. Qd7+ Qxd7 40. cxd7 Rd6 41. Rf5 Rxd7 42. Rxc5 Re7 43. Rc4 Kg6 44. Bb4 Rd7 45. Rc6+ Kf5 46. Rxa6 Kg4 47. Kg2 Rd5 48. h3+ Kg5 49. Rc6 Bb8 50. Rc5 1-0

[Event "Germain Laplante U1900"]
[Site "Chambly CAN"]
[Date "2025.05.16"]
[Round "1.27"]
[White "Yavorskyi, Yevhen"]
[Black "Brassard, Sylvain"]
[Result "0-1"]
[WhiteElo "1385"]
[BlackElo "1681"]
[WhiteFideId "-1"]
[WhiteFideId "-1"]
[PlyCount "74"]
[GameId "2180284057252704"]
[EventDate "2025.05.16"]
[EventType "swiss"]
[EventRounds "5"]
[EventCountry "CAN"]

1. e4 c5 2. Nc3 Nc6 3. g3 g6 4. Bg2 Bg7 5. Nge2 e5 6. O-O Nge7 7. f4 exf4 8. Nxf4 O-O 9. Nfd5 Nxd5 10. Nxd5 d6 11. d3 Be6 12. Rb1 Ne5 13. Bf4 Bxd5 14. exd5 f5 15. Qd2 Nf7 16. Rfe1 Be5 17. h4 Re8 18. Kh2 Bxf4 19. Qxf4 Qd7 20. Bf3 Rxe1 21. Rxe1 Re8 22. Rxe8+ Qxe8 23. g4 Qe1 24. gxf5 Qf2+ 25. Kh3 Ne5 26. fxg6 Qxf3+ 27. Qxf3 Nxf3 28. gxh7+ Kxh7 29. Kg4 Ne1 30. Kf5 Nxc2 31. a3 Ne1 32. Ke6 Nxd3 33. Kxd6 c4 34. Kc7 Nxb2 35. d6 Na4 36. d7 Nc5 37. d8=N c3 0-1

[Event "Germain Laplante U1900"]
[Site "Chambly CAN"]
[Date "2025.05.17"]
[Round "2.17"]
[White "Tse, Chun Wing"]
[Black "Porlier, Xavier"]
[Result "1/2-1/2"]
[WhiteElo "1671"]
[BlackElo "1892"]
[WhiteFideId "-1"]
[WhiteFideId "-1"]
[PlyCount "105"]
[GameId "2180342130961689"]
[EventDate "2025.05.16"]
[EventType "swiss"]
[EventRounds "5"]
[EventCountry "CAN"]

1. d4 d5 2. c4 e6 3. Nc3 Nf6 4. cxd5 exd5 5. Bg5 Be7 6. e3 h6 7. Bh4 O-O 8. Bd3 b6 9. Nge2 Bb7 10. O-O Nbd7 11. a3 c5 12. dxc5 bxc5 13. Rc1 Re8 14. Na4 Qa5 15. Bf5 Bc6 16. Bxd7 Nxd7 17. Bxe7 Bxa4 18. Qxd5 Rab8 19. b4 Qa6 20. Bd6 Nf6 21. Qa2 Qxd6 22. Rxc5 Bb5 23. Rfc1 Bxe2 24. Qxe2 Rbd8 25. h3 Ne4 26. Rc6 Qe5 27. R6c2 Rd5 28. Qa6 Red8 29. Rc8 Qf5 30. f3 Qf6 31. Qxa7 Ng3 32. Rxd8+ Rxd8 33. Kh2 Nf5 34. Qc5 Rd2 35. Rc2 Rxc2 36. Qxc2 Nxe3 37. Qe4 Qd6+ 38. f4 Nd5 39. Qe8+ Kh7 40. Qe4+ g6 41. Qe5 Qxe5 42. fxe5 g5 43. Kg3 Kg6 44. Kf3 Kf5 45. Ke2 Kxe5 46. Kd3 Nb6 47. g4 Kd5 48. Kc3 Kc6 49. Kd4 Kd6 50. Ke4 Ke6 51. Kd4 Kd6 52. Ke4 Ke6 53. Kd4 1/2-1/2

[Event "Germain Laplante U1900"]
[Site "Chambly CAN"]
[Date "2025.05.17"]
[Round "2.18"]
[White "Audouze, Oscar"]
[Black "Allaire, Denis"]
[Result "1-0"]
[WhiteElo "1625"]
[BlackElo "1815"]
[WhiteFideId "-1"]
[WhiteFideId "-1"]
[PlyCount "75"]
[GameId "2180351765789985"]
[EventDate "2025.05.16"]
[EventType "swiss"]
[EventRounds "5"]
[EventCountry "CAN"]

1. d4 d5 2. c4 dxc4 3. e4 e5 4. Nf3 Bb4+ 5. Bd2 Bxd2+ 6. Nbxd2 exd4 7. Bxc4 Nc6 8. O-O Nge7 9. Nb3 O-O 10. Nbxd4 Bg4 11. Nc2 Qxd1 12. Rfxd1 Bxf3 13. gxf3 Ne5 14. Be2 N7g6 15. Rac1 Rad8 16. Ne3 Nf4 17. Kf1 c6 18. b3 b5 19. Ng4 Neg6 20. Rxc6 Nxe2 21. Kxe2 Nf4+ 22. Ke1 Rxd1+ 23. Kxd1 Rd8+ 24. Kc2 Ne6 25. Kc3 a5 26. Ne3 Nd4 27. Rc5 a4 28. Rd5 Rxd5 29. exd5 axb3 30. axb3 Nxb3 31. Nf5 Kf8 32. d6 Nc5 33. Kd4 Nd7 34. Kd5 g6 35. Kc6 Ke8 36. Nd4 b4 37. Nc2 Ne5+ 38. Kc7 1-0

[Event "Germain Laplante U1900"]
[Site "Chambly CAN"]
[Date "2025.05.17"]
[Round "2.19"]
[White "Gonzalez, Daniel"]
[Black "Sonko, Babacar"]
[Result "0-1"]
[WhiteElo "1792"]
[BlackElo "1642"]
[WhiteFideId "-1"]
[WhiteFideId "-1"]
[PlyCount "74"]
[GameId "2186576132237915"]
[EventDate "2025.05.16"]
[EventType "swiss"]
[EventRounds "5"]
[EventCountry "CAN"]

1. c4 Nf6 2. Nc3 d5 3. cxd5 Nxd5 4. Nf3 Nc6 5. g3 Bg4 6. Bg2 Nb6 7. d3 e5 8. O-O Qd7 9. a3 Be7 10. b4 a6 11. Rb1 O-O 12. Be3 f6 13. Bc5 Rfd8 14. Bxb6 cxb6 15. b5 axb5 16. Nxb5 Bxa3 17. Nxa3 Rxa3 18. Rxb6 e4 19. Ne1 Nd4 20. Rb2 exd3 21. f3 dxe2 22. Rxe2 Nxe2+ 23. Qxe2 Be6 24. Kh1 b5 25. Qb2 Rb3 26. Qc2 Bc4 27. Rg1 Qd2 28. Qf5 Re8 29. Nc2 Qd3 30. Qxd3 Bxd3 31. Nd4 Rb1 32. h4 Ree1 33. Rxe1 Rxe1+ 34. Kh2 Bc4 35. f4 b4 36. Nf3 Re3 37. Nd2 Bf7 0-1

[Event "Germain Laplante U1900"]
[Site "Chambly CAN"]
[Date "2025.05.17"]
[Round "2.20"]
[White "Song, Jiacai"]
[Black "Giroux, Robert"]
[Result "1-0"]
[WhiteElo "1700"]
[BlackElo "1700"]
[WhiteFideId "-1"]
[WhiteFideId "-1"]
[PlyCount "113"]
[GameId "2180438030442551"]
[EventDate "2025.05.16"]
[EventType "swiss"]
[EventRounds "5"]
[EventCountry "CAN"]

1. d4 Nf6 2. c4 e6 3. Nf3 Bb4+ 4. Bd2 Qe7 5. Qc2 Bxd2+ 6. Nbxd2 d6 7. g3 O-O 8. Bg2 e5 9. O-O Nc6 10. e3 a5 11. a3 h6 12. d5 Nb8 13. b4 Na6 14. Qc3 a4 15. Rac1 b6 16. Ne1 Bg4 17. f3 Bd7 18. e4 Nh7 19. Nc2 f5 20. exf5 Bxf5 21. Ne3 Bd7 22. Ne4 Nf6 23. Qc2 Nxe4 24. fxe4 Qg5 25. Qd3 g6 26. Rc2 Rxf1+ 27. Kxf1 h5 28. Rf2 Kg7 29. Qe2 Qe7 30. Qf3 Rf8 31. Qxf8+ Qxf8 32. Rxf8 Kxf8 33. Kf2 Ke7 34. Bf1 Be8 35. c5 Nb8 36. c6 Nxc6 37. dxc6 Bxc6 38. Nd5+ Kd8 39. Ke3 Be8 40. b5 Bf7 41. Be2 Kc8 42. Bd1 Kb7 43. Bxa4 Be8 44. Ne7 Bf7 45. h4 Be8 46. Nc6 Kc8 47. Bb3 Kd7 48. Kf3 Kc8 49. Be6+ Kb7 50. a4 Bxc6 51. bxc6+ Kxc6 52. Bf7 Kc5 53. Bxg6 d5 54. exd5 Kxd5 55. Bxh5 c5 56. Ke3 Ke6 57. Be2 1-0

[Event "Germain Laplante U1900"]
[Site "Chambly CAN"]
[Date "2025.05.17"]
[Round "2.21"]
[White "Brassard, Sylvain"]
[Black "Morin, William"]
[Result "0-1"]
[WhiteElo "1681"]
[BlackElo "1536"]
[WhiteFideId "-1"]
[WhiteFideId "-1"]
[PlyCount "62"]
[GameId "2180444190773317"]
[EventDate "2025.05.16"]
[EventType "swiss"]
[EventRounds "5"]
[EventCountry "CAN"]

1. d4 Nf6 2. Nf3 g6 3. g3 d5 4. Bg2 Bg7 5. O-O O-O 6. c4 dxc4 7. Na3 c3 8. bxc3 c5 9. e3 Bf5 10. Nd2 Qd7 11. e4 Bh3 12. Bb2 Bxg2 13. Kxg2 cxd4 14. cxd4 Nh5 15. Nb3 b6 16. Qe2 f5 17. f4 Nf6 18. exf5 Qxf5 19. Qf3 Nbd7 20. Rac1 Rac8 21. Nc4 h5 22. Ne5 Nxe5 23. dxe5 Ng4 24. h3 Rc2+ 25. Kg1 Nh2 26. Qd5+ e6 27. Nd4 exd5 28. Nxf5 Rxb2 29. Nxg7 Nxf1 30. Ne6 Nxg3 31. Rc7 Ne2+ 0-1

[Event "Germain Laplante U1900"]
[Site "Chambly CAN"]
[Date "2025.05.17"]
[Round "2.22"]
[White "Hu, Raymond"]
[Black "Duplessis, Jean-Roch"]
[Result "1/2-1/2"]
[WhiteElo "1827"]
[BlackElo "1597"]
[WhiteFideId "-1"]
[WhiteFideId "-1"]
[PlyCount "90"]
[GameId "2180446896603250"]
[EventDate "2025.05.16"]
[EventType "swiss"]
[EventRounds "5"]
[EventCountry "CAN"]

1. e4 c5 2. Nf3 Nc6 3. d4 cxd4 4. Nxd4 e5 5. Nb5 a6 6. Nd6+ Bxd6 7. Qxd6 Qf6 8. Qd1 Qg6 9. Nc3 Nge7 10. Be3 d5 11. exd5 Nb4 12. Rc1 Bf5 13. Bc5 Nxc2+ 14. Kd2 Qg5+ 15. Ke2 Nd4+ 16. Ke1 O-O 17. h4 Qf6 18. g4 Bd7 19. Bg2 Rfe8 20. d6 Bc6 21. Bxc6 Nexc6 22. Nd5 Qf3 23. Qxf3 Nxf3+ 24. Ke2 Nfd4+ 25. Ke3 Ne6 26. Ba3 Rad8 27. Nb6 Nb8 28. Rhd1 Nd7 29. Nd5 h5 30. g5 f5 31. Ne7+ Kf7 32. Nxf5 Nf4 33. Kf3 b6 34. Ne7 Ke6 35. Bb4 Rf8 36. Ke4 Ne2 37. Rc2 Rf4+ 38. Ke3 Rxb4 39. Kxe2 Re4+ 40. Kf3 Rf4+ 41. Kg3 Rg4+ 42. Kh3 Rf8 43. Rd3 e4 44. Rg3 Ne5 45. Rxg4 hxg4+ 1/2-1/2

[Event "Germain Laplante U1900"]
[Site "Chambly CAN"]
[Date "2025.05.17"]
[Round "2.23"]
[White "Hammoud, Khaled"]
[Black "Kelly, Patrick"]
[Result "0-1"]
[WhiteElo "1676"]
[BlackElo "1617"]
[WhiteFideId "-1"]
[WhiteFideId "-1"]
[PlyCount "50"]
[GameId "2180643593392250"]
[EventDate "2025.05.16"]
[EventType "swiss"]
[EventRounds "5"]
[EventCountry "CAN"]

1. e4 e5 2. Nf3 Nc6 3. Bc4 Nf6 4. d3 Be7 5. c3 Na5 6. Nxe5 Nxc4 7. Nxc4 d6 8. Bg5 O-O 9. Ne3 Nd5 10. Nxd5 Bxg5 11. O-O c6 12. Nb4 f5 13. Nd2 fxe4 14. Nxe4 Bf4 15. Nc2 d5 16. Nd2 Qg5 17. Nf3 Qh6 18. h3 Bxh3 19. gxh3 Qxh3 20. Re1 Rf6 21. Ne5 Bxe5 22. f3 Rg6+ 23. Kf2 Rg2+ 24. Ke3 Qh6+ 25. f4 Qxf4# 0-1

[Event "Germain Laplante U1900"]
[Site "Chambly CAN"]
[Date "2025.05.17"]
[Round "2.25"]
[White "Hartner, Rian"]
[Black "Filion, Yves"]
[Result "1-0"]
[WhiteElo "1893"]
[BlackElo "1597"]
[WhiteFideId "-1"]
[WhiteFideId "-1"]
[PlyCount "78"]
[GameId "2180644554256514"]
[EventDate "2025.05.16"]
[EventType "swiss"]
[EventRounds "5"]
[EventCountry "CAN"]

1. e4 d5 2. exd5 Qxd5 3. Nf3 Bg4 4. Be2 Nc6 5. O-O Nf6 6. d4 e6 7. Bf4 Qd7 8. c3 Bd6 9. Bg5 Bxf3 10. Bxf3 Be7 11. Na3 Nd5 12. Bxe7 Ndxe7 13. Nc4 O-O 14. Qb3 Rab8 15. Rfd1 f6 16. Ne3 Kh8 17. g3 a6 18. Bg2 b5 19. d5 exd5 20. Nxd5 Nxd5 21. Qxd5 Qxd5 22. Rxd5 Ne5 23. b3 h6 24. Rad1 Nf7 25. Rc5 Rbd8 26. Rxd8 Rxd8 27. Bb7 Nd6 28. Bxa6 Ne4 29. Rxc7 Rd1+ 30. Kg2 Rd2 31. Kf3 f5 32. Bxb5 Rxf2+ 33. Ke3 Rxh2 34. Bd3 Nxg3 35. Kf3 Ne4 36. Bxe4 fxe4+ 37. Kxe4 Rxa2 38. b4 Re2+ 39. Kf5 h5 1-0

[Event "Germain Laplante U1900"]
[Site "Chambly CAN"]
[Date "2025.05.17"]
[Round "2.26"]
[White "Roy, Stephane"]
[Black "Duplessis-Masson, Vincent"]
[Result "0-1"]
[WhiteElo "1599"]
[BlackElo "1836"]
[WhiteFideId "-1"]
[WhiteFideId "-1"]
[PlyCount "50"]
[GameId "2180646850908353"]
[EventDate "2025.05.16"]
[EventType "swiss"]
[EventRounds "5"]
[EventCountry "CAN"]

1. Nf3 Nf6 2. c4 c5 3. Nc3 Nc6 4. e3 e5 5. b3 Be7 6. Bb2 d5 7. cxd5 Nxd5 8. Nxd5 Qxd5 9. Bc4 Qd6 10. Qc2 O-O 11. a3 a6 12. h4 b5 13. Ng5 Qh6 14. Bd5 Bb7 15. Bxc6 Bxc6 16. O-O-O c4 17. b4 a5 18. bxa5 Rxa5 19. d4 exd4 20. Rh3 c3 21. Bxc3 dxc3 22. Qxc3 Rxa3 23. Qe5 Bf6 24. Qc7 Rc3+ 25. Kd2 Bxg2 0-1

[Event "Germain Laplante U1900"]
[Site "Chambly CAN"]
[Date "2025.05.17"]
[Round "2.27"]
[White "Riopel, Alec"]
[Black "Messier, David"]
[Result "0-1"]
[WhiteElo "1479"]
[BlackElo "1782"]
[WhiteFideId "-1"]
[WhiteFideId "-1"]
[PlyCount "76"]
[GameId "2180722906931401"]
[EventDate "2025.05.16"]
[EventType "swiss"]
[EventRounds "5"]
[EventCountry "CAN"]

1. d4 c5 2. d5 Nf6 3. c4 e6 4. Nc3 exd5 5. cxd5 d6 6. e4 g6 7. f4 Bg7 8. Bb5+ Nfd7 9. a4 O-O 10. Nf3 Re8 11. O-O Bxc3 12. bxc3 Rxe4 13. Ng5 Re7 14. f5 a6 15. fxg6 hxg6 16. Bd3 Ne5 17. Ra2 c4 18. Bb1 Qb6+ 19. Qd4 Qxb1 20. Rb2 Qd3 21. Qh4 f5 22. Ne6 Qxd5 23. Qxe7 Qxe6 24. Qd8+ Kf7 25. Bh6 Nbd7 26. Qh8 Qf6 27. Qh7+ Ke6 28. Re2 Kd5 29. Qg8+ Kc6 30. g4 Qf7 31. Qd8 Qf6 32. Qa5 Nxg4 33. Re4 Nxh6 34. Rxc4+ Nc5 35. Rb1 Kd7 36. Re1 Qg5+ 37. Kh1 Ng4 38. Rxc5 Nf2# 0-1

[Event "Germain Laplante U1900"]
[Site "Chambly CAN"]
[Date "2025.05.17"]
[Round "2.28"]
[White "Qi, Jason"]
[Black "Yavorskyi, Yevhen"]
[Result "0-1"]
[WhiteElo "1698"]
[BlackElo "1385"]
[WhiteFideId "-1"]
[WhiteFideId "-1"]
[PlyCount "103"]
[GameId "2180725639901393"]
[EventDate "2025.05.16"]
[EventType "swiss"]
[EventRounds "5"]
[EventCountry "CAN"]

1. e4 c5 2. Nf3 d6 3. d4 cxd4 4. Nxd4 Nf6 5. Nc3 g6 6. Be2 Bg7 7. Be3 O-O 8. Qd2 Nc6 9. O-O-O d5 10. exd5 Nxd5 11. Nxc6 bxc6 12. Nxd5 cxd5 13. Qxd5 Qc7 14. Qc5 Qb7 15. Bd4 Bf5 16. Bf3 Bxd4 17. Rxd4 Qb6 18. Qb4 Rfc8 19. c3 Qf6 20. h4 Rcb8 21. Qa5 Rc8 22. Rd5 e5 23. Rhd1 Qxh4 24. g4 Qxf2 25. Rd8+ Rxd8 26. Rxd8+ Rxd8 27. Qxd8+ Kg7 28. gxf5 Qxf3 29. fxg6 hxg6 30. Qe7 Qe3+ 31. Kd1 g5 32. Qd7 e4 33. c4 Qg1+ 34. Ke2 g4 35. Qf5 Qg2+ 36. Ke1 Qg3+ 37. Ke2 Qd3+ 38. Ke1 Qe3+ 39. Kf1 Qf3+ 40. Qxf3 gxf3 41. b4 Kf6 42. a4 Ke6 43. a5 Kd6 44. a6 Kc6 45. Kf2 f5 46. Ke3 f4+ 47. Kf2 Kb6 48. b5 Kc5 49. Kf1 e3 50. Ke1 f2+ 51. Ke2 f3+ 52. Kf1 0-1

[Event "Germain Laplante U1900"]
[Site "Chambly CAN"]
[Date "2025.05.17"]
[Round "3.17"]
[White "Sonko, Babacar"]
[Black "Song, Jiacai"]
[Result "0-1"]
[WhiteElo "1642"]
[BlackElo "1700"]
[WhiteFideId "-1"]
[WhiteFideId "-1"]
[PlyCount "74"]
[GameId "2181007047090575"]
[EventDate "2025.05.16"]
[EventType "swiss"]
[EventRounds "5"]
[EventCountry "CAN"]

1. e4 e6 2. d4 d5 3. e5 c5 4. c3 Nc6 5. Nf3 Qb6 6. a3 c4 7. Be2 Bd7 8. Bf4 Qxb2 9. Nbd2 Qxc3 10. O-O Nxd4 11. Nxd4 Qxd4 12. Be3 Qxe5 13. Nf3 Qc7 14. Bd4 Nf6 15. Re1 Bc5 16. Be5 Qd8 17. Nd4 O-O 18. g4 Ne8 19. Kg2 f6 20. Bg3 e5 21. Nb3 Ba4 22. Bxc4 Bd4 23. Qd3 Bxb3 24. Bxb3 Bxa1 25. Bxd5+ Kh8 26. Rxa1 Nc7 27. Bc4 Qxd3 28. Bxd3 Ne6 29. Bc4 Nd4 30. f4 Nc2 31. Rc1 Ne3+ 32. Kf3 Nxc4 33. Rxc4 exf4 34. Bxf4 Rac8 35. Rd4 Rc3+ 36. Ke4 Re8+ 37. Kf5 Rc5+ 0-1

[Event "Germain Laplante U1900"]
[Site "Chambly CAN"]
[Date "2025.05.17"]
[Round "3.18"]
[White "Morin, William"]
[Black "Audouze, Oscar"]
[Result "1/2-1/2"]
[WhiteElo "1536"]
[BlackElo "1625"]
[WhiteFideId "-1"]
[WhiteFideId "-1"]
[PlyCount "132"]
[GameId "2181007047090576"]
[EventDate "2025.05.16"]
[EventType "swiss"]
[EventRounds "5"]
[EventCountry "CAN"]

1. d4 e6 2. e4 d5 3. Nc3 dxe4 4. Nxe4 Bd7 5. Nf3 Bc6 6. Bd3 Nd7 7. Qe2 Ngf6 8. Bg5 Be7 9. Nxf6+ Nxf6 10. c3 O-O 11. h4 Qd5 12. Bxf6 Bxf6 13. Ng5 Bxg5 14. hxg5 g6 15. Rxh7 Qxg5 16. Rh3 Qxg2 17. Qe3 Kg7 18. Qe5+ f6 19. Qxc7+ Rf7 20. Rh7+ Kxh7 21. Qxf7+ Kh6 22. Qxf6 Rg8 23. Qh4+ Kg7 24. O-O-O Rf8 25. Rd2 Qg1+ 26. Kc2 Qa1 27. Qe7+ Rf7 28. Qa3 Qg1 29. Qd6 Qa1 30. Kb3 Qe1 31. Qe5+ Qxe5 32. dxe5 Rd7 33. f4 g5 34. fxg5 Rd5 35. Kc2 Rxe5 36. g6 Ra5 37. Rh2 Rf5 38. Rh7+ Kxg6 39. Bxf5+ exf5 40. Rc7 f4 41. Kd3 Kg5 42. Ke2 Kg4 43. Kf2 f3 44. Rg7+ Kf4 45. Rf7+ Kg4 46. c4 a5 47. Re7 Kf5 48. Re3 a4 49. Ra3 Ke5 50. Ke3 Kd6 51. b4 axb3 52. Rxb3 Kc5 53. Rc3 Kb4 54. Rc2 Ka3 55. Kd4 Kb4 56. c5 Kb5 57. Rb2+ Ka4 58. Kc3 Ka3 59. Rd2 Be4 60. Kc4 Bc6 61. Kd4 Kb4 62. Rc2 Ka3 63. Kd3 Kb4 64. Ke3 Ka3 65. Kd2 Ka4 66. Rc3 Kb4 1/2-1/2

[Event "Germain Laplante U1900"]
[Site "Chambly CAN"]
[Date "2025.05.17"]
[Round "3.19"]
[White "Porlier, Xavier"]
[Black "Milette, Patrick"]
[Result "0-1"]
[WhiteElo "1892"]
[BlackElo "1665"]
[WhiteFideId "-1"]
[WhiteFideId "-1"]
[PlyCount "124"]
[GameId "2181007047090577"]
[EventDate "2025.05.16"]
[EventType "swiss"]
[EventRounds "5"]
[EventCountry "CAN"]

1. e4 g6 2. d4 Bg7 3. Nc3 a6 4. f4 b5 5. Nf3 Bb7 6. Bd3 d6 7. Be3 Nf6 8. a3 Nbd7 9. O-O O-O 10. h3 Rc8 11. e5 Nd5 12. Nxd5 Bxd5 13. a4 c5 14. c3 cxd4 15. cxd4 Bc4 16. axb5 axb5 17. Qe2 Nb6 18. Bxc4 Nxc4 19. Bd2 dxe5 20. fxe5 Nxd2 21. Qxd2 Qb6 22. Qb4 Rc7 23. Ra5 Rb8 24. Rfa1 Bf8 25. Ra6 Qb7 26. Qb3 Qc8 27. h4 Rc1+ 28. Kh2 Bh6 29. Rxc1 Bxc1 30. Ra1 Qg4 31. g3 Rc8 32. Qd3 b4 33. Kg2 Bxb2 34. Rf1 Rc3 35. Qb5 Rc2+ 36. Rf2 Rxf2+ 37. Kxf2 Bxd4+ 38. Kg2 Bc3 39. Qe8+ Kg7 40. Qxe7 Qe6 41. Qb7 h6 42. Qc7 Qd5 43. Qc8 Bxe5 44. h5 g5 45. Qf5 Qa2+ 46. Kh3 Bf6 47. Ne5 Qe6 48. Qxe6 fxe6 49. Nc4 Bc3 50. Kg4 Kf6 51. Kf3 b3 52. Na3 b2 53. Ke4 e5 54. g4 Ke6 55. Kd3 Bd4 56. Ke4 Kd6 57. Kf5 Kd5 58. Kg6 e4 59. Kxh6 e3 60. Nb5 b1=Q 61. Nc3+ Kc4 62. Nxb1 Kd3 0-1

[Event "Germain Laplante U1900"]
[Site "Chambly CAN"]
[Date "2025.05.17"]
[Round "3.20"]
[White "Kelly, Patrick"]
[Black "Tse, Chun Wing"]
[Result "0-1"]
[WhiteElo "1617"]
[BlackElo "1671"]
[WhiteFideId "-1"]
[WhiteFideId "-1"]
[PlyCount "70"]
[GameId "2181007047115154"]
[EventDate "2025.05.16"]
[EventType "swiss"]
[EventRounds "5"]
[EventCountry "CAN"]

1. e4 c6 2. d4 d5 3. e5 c5 4. dxc5 e6 5. Be3 Nd7 6. Bb5 Ne7 7. Nf3 Nf5 8. b4 Nxe3 9. fxe3 a5 10. c3 g6 11. O-O Bg7 12. a3 O-O 13. Bxd7 Bxd7 14. Ra2 Qc7 15. Qd4 f6 16. exf6 Rxf6 17. Qd3 b6 18. cxb6 Qxb6 19. Qd4 Qc7 20. Qd3 Rb8 21. Rff2 Bb5 22. Qd1 Bh6 23. Qc1 axb4 24. axb4 Bd3 25. Rab2 d4 26. Nxd4 Rxf2 27. Kxf2 Qxh2 28. Nf3 Rf8 29. Nbd2 g5 30. Nf1 Bxf1 31. Qxf1 g4 32. Ke1 gxf3 33. Qc4 Qg1+ 34. Qf1 Qxe3+ 35. Kd1 Qc1# 0-1

[Event "Germain Laplante U1900"]
[Site "Chambly CAN"]
[Date "2025.05.17"]
[Round "3.21"]
[White "Messier, David"]
[Black "Hartner, Rian"]
[Result "0-1"]
[WhiteElo "1782"]
[BlackElo "1893"]
[WhiteFideId "-1"]
[WhiteFideId "-1"]
[PlyCount "77"]
[GameId "2181007047123347"]
[EventDate "2025.05.16"]
[EventType "swiss"]
[EventRounds "5"]
[EventCountry "CAN"]

1. e4 c6 2. d4 d5 3. exd5 cxd5 4. c4 Nf6 5. Nc3 g6 6. Nf3 Bg7 7. Bf4 O-O 8. c5 Nc6 9. h3 Ne4 10. Rc1 Nxd4 11. Nxd4 e5 12. Be3 exd4 13. Bxd4 Qh4 14. Nxd5 Re8 15. Be2 Bg4 16. Rc2 Rad8 17. g3 Bxe2 18. Rxe2 Nxg3 19. fxg3 Qxd4 20. Qxd4 Bxd4 21. Nc3 Bxc5 22. Rf1 Rxe2+ 23. Kxe2 Re8+ 24. Kd2 f5 25. Rf3 a6 26. a4 Kg7 27. Rd3 Be7 28. Kc2 Rd8 29. Rf3 Rd4 30. Re3 Kf7 31. Kb3 Bd6 32. Rf3 h5 33. Kc2 Bc7 34. b3 Ba5 35. Rf2 Rd7 36. Kb2 Rd3 37. Ne4 Bb6 38. Rf4 Kg7 39. g4 0-1

[Event "Germain Laplante U1900"]
[Site "Chambly CAN"]
[Date "2025.05.17"]
[Round "3.22"]
[White "Duplessis-Masson, Vincent"]
[Black "Giroux, Robert"]
[Result "0-1"]
[WhiteElo "1836"]
[BlackElo "1700"]
[WhiteFideId "-1"]
[WhiteFideId "-1"]
[PlyCount "127"]
[GameId "2181007047123348"]
[EventDate "2025.05.16"]
[EventType "swiss"]
[EventRounds "5"]
[EventCountry "CAN"]

1. c4 c5 2. g3 g6 3. Bg2 Bg7 4. Nc3 Nc6 5. e4 a6 6. Nge2 b5 7. cxb5 axb5 8. Nxb5 Ba6 9. Nbc3 Bd3 10. O-O Nb4 11. Qb3 Nc2 12. Nd5 c4 13. Qb7 Rb8 14. Qa7 Bxe2 15. Rb1 Bxf1 16. Bxf1 Nd4 17. Bxc4 Nc6 18. Qe3 e6 19. Nc3 Nge7 20. Nb5 O-O 21. b3 d5 22. exd5 Nxd5 23. Qf3 Nd4 24. Nxd4 Bxd4 25. h4 Nb6 26. Bf1 Qf6 27. Qe2 h5 28. Ba3 Rfd8 29. Bc1 Nd5 30. Bg2 Qf5 31. Be4 Qf6 32. Kg2 Qe7 33. Bb2 Bxb2 34. Rxb2 Qa3 35. Rc2 Qe7 36. Rc4 f5 37. Bf3 Nf6 38. Qe5 Rbc8 39. Ra4 Rxd2 40. Ra6 Kf7 41. Qe3 Rd6 42. Ra7 Rc7 43. Ra4 Rdd7 44. Be2 Ra7 45. Rxa7 Rxa7 46. a4 Nd5 47. Qd4 Qb7 48. Kg1 Qb6 49. Qh8 Nf6 50. Bc4 Qb7 51. Qh6 Ra8 52. Qe3 Qc6 53. Qe2 Qe4 54. Qd2 Qe5 55. Qd3 Ra7 56. Bb5 Rc7 57. Bc4 Rd7 58. Qf1 Qc3 59. Qe2 Rd6 60. Kg2 Ne4 61. Qe3 Qxe3 62. fxe3 Rd2+ 63. Kf1 Ra2 64. Ke1 0-1

[Event "Germain Laplante U1900"]
[Site "Chambly CAN"]
[Date "2025.05.17"]
[Round "3.23"]
[White "Yavorskyi, Yevhen"]
[Black "Hu, Raymond"]
[Result "0-1"]
[WhiteElo "1385"]
[BlackElo "1827"]
[WhiteFideId "-1"]
[WhiteFideId "-1"]
[PlyCount "106"]
[GameId "2181007047123349"]
[EventDate "2025.05.16"]
[EventType "swiss"]
[EventRounds "5"]
[EventCountry "CAN"]

1. e4 c5 2. Nc3 Nc6 3. g3 e6 4. Bg2 g6 5. Nge2 Bg7 6. O-O Nge7 7. d3 O-O 8. Be3 d6 9. d4 cxd4 10. Nxd4 a6 11. a4 Ne5 12. Qe2 Qc7 13. Bg5 N7c6 14. Nxc6 Nxc6 15. Qd2 Bh8 16. Rfd1 Be5 17. Bf4 Rd8 18. Bxe5 dxe5 19. Qg5 Nd4 20. h4 Kg7 21. Qc1 Bd7 22. Kh1 h5 23. Rd2 Bc6 24. Ne2 Qa5 25. Nxd4 exd4 26. Qd1 Qb6 27. b3 Rac8 28. e5 Bxg2+ 29. Kxg2 Qc6+ 30. Qf3 Qxf3+ 31. Kxf3 Rc3+ 32. Ke4 d3 33. Rxd3 Rdxd3 34. cxd3 Rxb3 35. Kd4 Rb2 36. Ke3 Rb4 37. a5 Kf8 38. f3 Ke7 39. d4 Kd7 40. g4 hxg4 41. fxg4 Rb3+ 42. Kf4 Ke7 43. h5 gxh5 44. gxh5 Kf8 45. Rg1 Rh3 46. Rb1 Rxh5 47. Rxb7 Rh4+ 48. Kg5 Rxd4 49. Kf6 Rf4+ 50. Kg5 Rf5+ 51. Kh6 Rxe5 52. Rb8+ Ke7 53. Rb7+ Kf6 0-1